000 00501nam a2200193 a 4500
001 0046
005 20140414131925.0
008 040202s19uu xx 00 eng d
020 _a1-85830-495-4
050 _aER
_bW11 1999
100 _aBlyton, Enid
245 _aWanted : a hot water bottle /
_cEnid Blyton.
260 _bGrandreams,
_c1999.
_a[s.l.] :
300 _a1 v. p. : ill. ; cm.
440 _aEnid Blyton
650 _aWarm
_xFiction.
650 _aChildren stories.
999 _c111937
_d111937